Research and development productivity in educational organizations /

Bibliographic Details
Main Author: Clark, David L. (David Louis), 1929-
Corporate Author: National Center for Research in Vocational Education (U.S.)
Format: Book
Language:English
Published: Columbus, Ohio : National Center for Research in Vocational Education, 1978.
Series:Occasional paper (National Center for Research in Vocational Education (U.S.)) ; no. 41.
Subjects:

MARC

Tag First Indicator Second Indicator Subfields
LEADER 00000cam a2200000 a 4500
001 in00000089941
005 20151008063559.0
008 800111s1978 ohu b 00010 eng d
035 |a (OCoLC)05867365 
035 |9 AAK2524AM 
040 |a IEA  |c IEA  |d TXA  |d UtOrBLW 
049 |a TXAM  |c [1481858] 
090 |a LB1028  |b .C538 
100 1 |a Clark, David L.  |q (David Louis),  |d 1929- 
245 1 0 |a Research and development productivity in educational organizations /  |c David L. Clark. 
264 1 |a Columbus, Ohio :  |b National Center for Research in Vocational Education,  |c 1978. 
300 |a iii, 21 pages ;  |c 28 cm. 
336 |a text  |b txt  |2 rdacontent 
337 |a unmediated  |b n  |2 rdamedia 
338 |a volume  |b nc  |2 rdacarrier 
490 1 |a Occasional paper / National Center for Research in Vocational Education ;  |v no. 41 
504 |a Includes bibliographical references. 
650 0 |a Education  |x Research. 
710 2 |a National Center for Research in Vocational Education (U.S.) 
830 0 |a Occasional paper (National Center for Research in Vocational Education (U.S.)) ;  |v no. 41. 
999 |a MARS 
999 f f |s fb831994-8b59-3cc1-af18-47354f2228ce  |i ee0cec6d-f752-37ea-bf23-ec6a3ba9687c  |t 0 
952 f f |p normal  |a Texas A&M University  |b College Station  |c Sterling C. Evans Library  |d Evans: Library Stacks  |t 0  |e LB1028 .C538  |h Library of Congress classification  |i unmediated -- volume  |m A14806159456 
998 f f |a LB1028 .C538  |t 0  |l Evans: Library Stacks